Größte Städte nach Himmelsrichtung in Deutschland - Statistiken

Allgemein
  • Dieses Quiz wurde 337 mal gespielt
  • Das Durchschnittsergebnis liegt bei 16 aus 20
Antwortstatistiken
Einwohner Stadt % Korrekt
3.677.472 Berlin
99%
3.677.472 Berlin
99%
3.677.472 Berlin
99%
3.677.472 Berlin
99%
1.853.935 Hamburg
98%
1.853.935 Hamburg
98%
1.487.708 München
97%
1.073.096 Köln
93%
246.243 Kiel
90%
555.351 Dresden
84%
619.477 Düsseldorf
84%
91.113 Flensburg
79%
249.070 Aachen
74%
56.679 Frankfurt
69%
231.848 Freiburg
68%
98.359 Cottbus
58%
55.519 Görlitz
52%
84.736 Konstanz
48%
261.001 Mönchengladbach
45%
27.249 Garmisch-Partenkirchen
24%
Keine übereinstimmenden Quizze gefunden
Verteilung der Resultate
Anzahl Personen mit jedem Resultat
Perzentil nach korrekt beantworteten Fragen
Ihre Resultats-Entwicklung
Sie haben dieses Quiz noch nicht gespielt